| 000 | 00000nam##2200000za#4500 |
| 001 | 9.571344 |
| 003 | CaOODSP |
| 005 | 20210624182658 |
| 007 | cr ||||||||||| |
| 008 | 150406|2005||||xxc|||||o f|0| 0 eng|d |
| 040 | |aCaOODSP|beng |
| 043 | |an-cn--- |
| 086 | 1 |aTU3-5/05-19E-PDF |
| 110 | 2 |aTransportation Safety Board of Canada. |
| 245 | 10|aTail-rotor strike (external load)-– loss of control, Transport Canada MBB BO 105 Helicopter C-GCHX, Bella Bella, British Columbia, 07 May 2005 |h[electronic resource] |
| 260 | |aGatineau - Quebec : |bTransportation Safety Board of Canada |c[2005]. |
| 300 | |a9p.|bphotographs |
| 490 | 1 |aAviation investigation report |vA05P0103 |
| 500 | |a"The Board authorized the release of this report on 05 October 2005."--p.9 of 9. |
| 590 | |a12-19-Supp|b2012-04-30 |
| 775 | 08|tHeurt du rotor de queue avec la charge externe et perte de maîtrise de l'hélicoptère MBB BO 105 C-GCHX exploité par Transports Canada à Bella Bella (Colombie-Britannique), le 7 mai 2005 |w(CaOODSP)9.601959 |
| 830 | #0|aAviation investigation report ;|vA05P0103|w(CaOODSP)9.504825 |
| 856 | 40|ahttp://publications.gc.ca|qPDF|s312 KB|uhttps://publications.gc.ca/collections/collection_2011/bst-tsb/TU3-5-05-19-eng.pdf|yA05P0103 |